000 00275nam a2200109Ia 4500
008 201217s9999 xx 000 0 und d
100 _aSalmon, Michael
245 0 _aIndustrial Relations : Theory & Practrice
260 _aNew York
_bPrentice Hall
300 _a577
942 _cBK
999 _c7874
_d7874